00333nam a2200121Ia 4500008004100000041000800041082001600049100002100065245004500086260003700131300003200168365001100200240624s9999 xx 000 0 und d aeng a303.342 MOR aBY MORRIS TREVOR aPR A PERSUASIVE INDUSTRY SPIN PUBLIC REL c2008aEuropebPalgrave Macmillan axiii, : 204 : p. : cm. ; 23 cRSb30